[Event "68th ch-ARM"]
[Site "Yerevan ARM"]
[Date "2008.01.20"]
[Round "12"]
[White "Ter Sahakyan, S."]
[Black "Petrosian, TL."]
[Result "1-0"]
[WhiteElo "2369"]
[BlackElo "2606"]
[PlyCount "115"]
[EventDate "2008.01.08"]

1. e4 c5 2. Nf3 Nc6 3. d4 cxd4 4. Nxd4 g6 5. Nc3 Bg7 6. Be3 Nf6 7. Bc4 O-O 8.
Bb3 d6 9. h3 Na5 10. Qd2 Bd7 11. Bh6 e5 12. Bxg7 Kxg7 13. Nde2 Nxb3 14. axb3
Bc6 15. f3 d5 16. exd5 Nxd5 17. Nxd5 Bxd5 18. Ra5 Be6 19. Qxd8 Rfxd8 20. Rxe5
Rac8 21. Nc3 Rc6 22. Ke2 a6 23. Rd1 Re8 24. Rd3 b5 25. Kd2 Rec8 26. Rd4 h5 27.
b4 Kh6 28. Re2 Bc4 29. Re1 Be6 30. Rc1 g5 31. Ne4 Bf5 32. Nc5 a5 33. c3 axb4
34. cxb4 h4 35. Rc3 Bg6 36. Nb3 f5 37. Na5 Rxc3 38. bxc3 Bf7 39. c4 bxc4 40.
Kc3 Be8 41. Rxc4 Ra8 42. Nc6 g4 43. fxg4 fxg4 44. b5 gxh3 45. gxh3 Bd7 46.
Rxh4+ Kg5 47. Rc4 Bxh3 48. b6 Bc8 49. Kb4 Ra1 50. Kc5 Rb1 51. Nb4 Rd1 52. Kc6
Rd7 53. Na6 Rh7 54. Nc5 Kf6 55. Rf4+ Ke5 56. Re4+ Kf6 57. Re8 Bh3 58. b7 1-0

[Event "68th ch-ARM"]
[Site "Yerevan ARM"]
[Date "2008.01.20"]
[Round "12"]
[White "Kotanjian, T."]
[Black "Nalbandian, T."]
[Result "1-0"]
[WhiteElo "2545"]
[BlackElo "2505"]
[PlyCount "101"]
[EventDate "2008.01.08"]

1. d4 Nf6 2. c4 g6 3. Nc3 Bg7 4. e4 d6 5. Nf3 O-O 6. Be2 c5 7. O-O Bg4 8. d5 e6
9. Bf4 exd5 10. cxd5 Re8 11. h3 Bxf3 12. Bxf3 Bf8 13. g4 a6 14. g5 Nfd7 15. Bg2
Ne5 16. Be3 Nc4 17. Bc1 Bg7 18. Qe2 b5 19. a4 Qa5 20. Bd2 Nxd2 21. axb5 Qb6 22.
Qxd2 Nd7 23. bxa6 Rxa6 24. Qe2 Rea8 25. Rab1 Rb8 26. f4 Bd4+ 27. Kh1 Ra7 28.
Qf3 Qb3 29. e5 Bxc3 30. bxc3 Qxb1 31. Rxb1 Rxb1+ 32. Kh2 Re1 33. Qf2 Raa1 34.
e6 Nf8 35. f5 gxf5 36. Qxf5 Ra7 37. h4 Re5 38. Qf6 fxe6 39. dxe6 Rg7 40. c4
Nxe6 41. Bd5 Rg6 42. Qd8+ Kg7 43. Qe7+ Kh8 44. Qf7 Re3 45. Kg1 Re1+ 46. Kf2 Re5
47. Kf1 Rxd5 48. cxd5 Nd4 49. h5 Rg7 50. Qf8+ Rg8 51. Qf6+ 1-0

[Event "68th ch-ARM"]
[Site "Yerevan ARM"]
[Date "2008.01.20"]
[Round "12"]
[White "Andriasian, Z."]
[Black "Babujian, L."]
[Result "0-1"]
[WhiteElo "2532"]
[BlackElo "2439"]
[PlyCount "150"]
[EventDate "2008.01.08"]

1. e4 e5 2. Nf3 Nc6 3. Bb5 a6 4. Ba4 Nf6 5. O-O Be7 6. Re1 b5 7. Bb3 O-O 8. d4
d6 9. c3 Bg4 10. Be3 Bd7 11. Nbd2 Ng4 12. Nf1 Na5 13. Bc2 c5 14. dxc5 dxc5 15.
Bc1 Qc7 16. h3 Nf6 17. N3h2 Nc4 18. Qf3 Be6 19. Ng3 a5 20. Nf5 a4 21. Nf1 Rfd8
22. a3 Ne8 23. N1g3 Bf8 24. h4 Nd2 25. Qe2 Bc4 26. Qg4 Nb3 27. Bxb3 Bxb3 28. h5
Ra6 29. f4 Kh8 30. fxe5 Qxe5 31. Bf4 Qe6 32. Re3 h6 33. Rae1 Nf6 34. Qh4 Raa8
35. Kh1 Bd1 36. Rf1 Rd7 37. Ree1 Bb3 38. e5 Nd5 39. Bc1 Bc4 40. Rf3 Re8 41. Bd2
Nc7 42. Rf2 Bd3 43. Qg4 Red8 44. Bc1 b4 45. Kh2 bxc3 46. bxc3 Nd5 47. Bd2 Nb6
48. Bc1 Nc4 49. Ne4 Nxe5 50. Qg3 Rd5 51. c4 Bxc4 52. Bb2 f6 53. Nxh6 Nd3 54.
Nxf6 Bd6 55. Rxe6 Bxg3+ 56. Kxg3 Rg5+ 57. Kh4 Bxe6 58. Rd2 gxh6 59. Ne4+ Kh7
60. Nxg5+ hxg5+ 61. Kxg5 Rd5+ 62. Kf6 Nxb2 63. Rxb2 Bg4 64. Rc2 Bd1 65. Rc4 Bb3
66. Rh4 Rd4 67. Rh3 c4 68. Rg3 Rd7 69. Re3 Rd3 70. Re8 c3 71. Rc8 c2 72. g4
Rf3+ 73. Kg5 Rf1 74. Rc7+ Kg8 75. Rc8+ Kf7 0-1

[Event "68th ch-ARM"]
[Site "Yerevan ARM"]
[Date "2008.01.21"]
[Round "13"]
[White "Babujian, L."]
[Black "Minasian, Ara"]
[Result "1-0"]
[WhiteElo "2439"]
[BlackElo "2466"]
[PlyCount "117"]
[EventDate "2008.01.08"]

1. e4 e6 2. d4 d5 3. Nc3 Nf6 4. Bg5 dxe4 5. Nxe4 Nbd7 6. Nf3 h6 7. Nxf6+ Nxf6
8. Bh4 c5 9. Bd3 cxd4 10. O-O Be7 11. Qe2 O-O 12. Rad1 Nh5 13. Bxe7 Qxe7 14.
Qe5 Nf6 15. Nxd4 Qb4 16. Rfe1 Rd8 17. Nb5 Bd7 18. a3 Qg4 19. Nd4 Ba4 20. b3 Be8
21. Bc4 Qg5 22. Qxg5 hxg5 23. Nf3 g4 24. Ne5 Rac8 25. Rxd8 Rxd8 26. Be2 Rd4 27.
Kf1 Kf8 28. c4 Ke7 29. Rd1 Re4 30. Nd3 b6 31. Nb4 Re5 32. Nc2 Bc6 33. Ne3 Rg5
34. b4 Rg6 35. Rd4 e5 36. Nf5+ Ke6 37. Rd6+ Kxf5 38. Rxc6 Rh6 39. Rc7 a5 40.
Rxf7 Rxh2 41. Kg1 Rh8 42. b5 Rd8 43. c5 bxc5 44. b6 Rd6 45. b7 Rb6 46. Rxg7 Ke6
47. Kh2 Kd6 48. a4 c4 49. Bxc4 g3+ 50. fxg3 e4 51. Rf7 Ke5 52. Re7+ Kd4 53. Ba6
e3 54. Re6 Ng4+ 55. Kh3 Nf2+ 56. Kh4 Rxe6 57. b8=Q Rxa6 58. Qb2+ Ke4 59. Qb7+
1-0

[Event "68th ch-ARM"]
[Site "Yerevan ARM"]
[Date "2008.01.21"]
[Round "13"]
[White "Nalbandian, T."]
[Black "Asrian, K."]
[Result "1/2-1/2"]
[WhiteElo "2505"]
[BlackElo "2621"]
[PlyCount "20"]
[EventDate "2008.01.08"]

1. Nf3 d5 2. d4 c6 3. Bf4 Nf6 4. e3 Bf5 5. Nbd2 Nbd7 6. c3 e6 7. h3 h6 8. Be2
Be7 9. O-O O-O 10. Qb3 Qb6 1/2-1/2